Villes Fornite - LEVEL EXTREME - Statistiques

Statistiques générales
  • Ce quiz a été pris 235 fois
  • Le résultat moyen est 3 sur 16
Statistiques - réponses
Par images Réponse % Correct
Mont Olympe
50%
Grand Glacier
44%
Grim Gate
35%
La Citadelle
35%
Lavish Lair
34%
Brutal Bastion
28%
Le Sanctuaire
17%
Pleasant Piazza
15%
Anvil Square
12%
Frenzy Fields
5%
Snooty Steppes
4%
Circuit Chonkers
3%
Sleepy Sound
3%
Coney Crossroads
2%
Covert Cavern
2%
The Joneses
2%
Aucun quiz correspondant
Distribution des résultats
% des personnes avec chaque résultat
Percentile par nombre de réponses
Votre historique - résultats
Vous n’avez pas pris ce quiz